| 000 -LEADER |
| fixed length control field |
02647cam a2200409 a 4500 |
| 001 - CONTROL NUMBER |
| control field |
15967922 |
| 003 - CONTROL NUMBER IDENTIFIER |
| control field |
OSt |
| 005 - DATE AND TIME OF LATEST TRANSACTION |
| control field |
20180117085956.0 |
| 008 - FIXED-LENGTH DATA ELEMENTS--GENERAL INFORMATION |
| fixed length control field |
091030s2010 enka b 001 0 eng |
| 010 ## - LIBRARY OF CONGRESS CONTROL NUMBER |
| LC control number |
2009046182 |
| 015 ## - NATIONAL BIBLIOGRAPHY NUMBER |
| National bibliography number |
GBA990658 |
| Source |
bnb |
| 015 ## - NATIONAL BIBLIOGRAPHY NUMBER |
| National bibliography number |
015-37094 |
| Source |
bnb |
| 016 7# - NATIONAL BIBLIOGRAPHIC AGENCY CONTROL NUMBER |
| Record control number |
015370943 |
| Source |
Uk |
| 020 ## - INTERNATIONAL STANDARD BOOK NUMBER |
| International Standard Book Number |
9780230007789 (hardback) |
| 020 ## - INTERNATIONAL STANDARD BOOK NUMBER |
| International Standard Book Number |
0230007783 (hardback) |
| 020 ## - INTERNATIONAL STANDARD BOOK NUMBER |
| International Standard Book Number |
9780230007796 (pbk.) |
| 020 ## - INTERNATIONAL STANDARD BOOK NUMBER |
| International Standard Book Number |
0230007791 (pbk.) |
| 035 ## - SYSTEM CONTROL NUMBER |
| System control number |
(OCoLC)ocn469914817 |
| 040 ## - CATALOGING SOURCE |
| Original cataloging agency |
DLC |
| Transcribing agency |
DLC |
| Modifying agency |
YDX |
| -- |
YDXCP |
| -- |
IUL |
| -- |
UKM |
| -- |
UBY |
| -- |
GBVCP |
| -- |
DLC |
| 050 00 - LIBRARY OF CONGRESS CALL NUMBER |
| Classification number |
HT1521 |
| Item number |
.R23519 2010 |
| 082 00 - DEWEY DECIMAL CLASSIFICATION NUMBER |
| Classification number |
305.8009/05 |
| Edition number |
22 |
| 245 00 - TITLE STATEMENT |
| Title |
Race and ethnicity in the 21st century / |
| Statement of responsibility, etc. |
edited by Alice Bloch and John Solomos. |
| 260 ## - PUBLICATION, DISTRIBUTION, ETC. |
| Place of publication, distribution, etc. |
Houndmills, Basingstoke, Hampshire : |
| -- |
New York, NY : |
| Name of publisher, distributor, etc. |
Palgrave Macmillan, |
| Date of publication, distribution, etc. |
2010. |
| 300 ## - PHYSICAL DESCRIPTION |
| Extent |
xiv, 242 p. : |
| Other physical details |
ill. ; |
| Dimensions |
24 cm. |
| 504 ## - BIBLIOGRAPHY, ETC. NOTE |
| Bibliography, etc. note |
Includes bibliographical references and index. |
| 505 0# - FORMATTED CONTENTS NOTE |
| Formatted contents note |
Key questions in the sociology of race and ethnicity / A.Bloch & J.Solomos -- Housing and neighbourhoods: A UK and European perspective / M.Harrison & D.Phillips -- New communities: Asylum seekers and dispersal / P.Hynes & R.Sales -- The continuing significance of "race": Racism, contentious antiracist politics and labour markets / S.Virdee -- Community cohesion and national security : rethinking policing and race / E.McLaughlin -- Health and Health Care / J.Nazroo -- Education / D.Gillborn & N.Rollock -- Media representations of diversity: The power of the mediated image / M.Georgiou -- Identity and Public Opinion / A.Heath, C. Rothon, & S. Ali -- Race and ethnicity in Britain: Into the 21st Century; A.Bloch & J.Solomos. |
| 520 ## - SUMMARY, ETC. |
| Summary, etc. |
"The 21st Century has seen important changes in the role of race and ethnicity. Exploring original research, empirical data and theory, this book examines major questions and issues around housing, employment, asylum, crime and health. Written by experts in the field, the text gives students of sociology useful insight into race and ethnicity today"--Provided by publisher. |
| 650 #0 - SUBJECT ADDED ENTRY--TOPICAL TERM |
| Topical term or geographic name entry element |
Race relations |
| General subdivision |
History |
| Chronological subdivision |
21st century. |
| 650 #0 - SUBJECT ADDED ENTRY--TOPICAL TERM |
| Topical term or geographic name entry element |
Ethnic relations |
| General subdivision |
History |
| Chronological subdivision |
21st century. |
| 650 #0 - SUBJECT ADDED ENTRY--TOPICAL TERM |
| Topical term or geographic name entry element |
Multiculturalism |
| General subdivision |
History |
| Chronological subdivision |
21st century. |
| 700 1# - ADDED ENTRY--PERSONAL NAME |
| Personal name |
Bloch, Alice, |
| Dates associated with a name |
1964- |
| 700 1# - ADDED ENTRY--PERSONAL NAME |
| Personal name |
Solomos, John. |
| 906 ## - LOCAL DATA ELEMENT F, LDF (RLIN) |
| a |
7 |
| b |
cbc |
| c |
orignew |
| d |
1 |
| e |
ecip |
| f |
20 |
| g |
y-gencatlg |
| 942 ## - ADDED ENTRY ELEMENTS (KOHA) |
| Source of classification or shelving scheme |
|
| Koha item type |
Book |